| 000 | 00000nas 2200000zi 4500 |
| 001 | 9.916022 |
| 003 | CaOODSP |
| 005 | 20221107183344 |
| 006 | m o d f |
| 007 | cr ||||||||||| |
| 008 | 221007c20229999onc x m o f0###|0fre|d |
| 040 | |aCaOODSP|bfre|erda|cCaOODSP |
| 043 | |an-cn--- |
| 086 | 1 |aNH18-35F-PDF |
| 130 | 3 |aLe marché sous la loupe. |pCanada. |
| 245 | 13|aLe marché sous la loupe. |pCanada. |
| 264 | 1|a[Ottawa] : |bSCHL = CMHC, |c2022- |
| 310 | |aIrrègulier |
| 336 | |atexte|btxt|2rdacontent/fre |
| 337 | |ainformatique|bc|2rdamedia/fre |
| 338 | |aressource en ligne|bcr|2rdacarrier/fre |
| 362 | 1 |aParaît depuis juin 2022. |
| 500 | |aPublié aussi en anglais sous le titre : Housing market insight. Canada. |
| 500 | |aEn tête du titre: Marché de l'habitation. |
| 650 | 6|aLogement|zCanada. |
| 710 | 2 |aSociété canadienne d'hypothèques et de logement, |eorganisme de publication. |
| 775 | 08|tHousing market insight. |w(CaOODSP)9.916021 |